| 000 | 00893nam a2200289 u 4500 | ||
|---|---|---|---|
| 001 | 000021947 | ||
| 003 | DO-SdBNP | ||
| 005 | 20220701104842.0 | ||
| 007 | ta | ||
| 008 | 100806s 2006 dr ag r 001 0 spa d | ||
| 020 | _z9945855891 | ||
| 040 |
_aDO-SdBNP _bspa _cBNPHU |
||
| 049 | _aBNPD | ||
| 082 | 4 |
_aBNPHU 782.4 _bJ61p, 2006 _222 |
|
| 100 | 1 |
_aJiménez, R. Emilio, _923963 _d1886-1970 |
|
| 245 | 1 | 3 |
_aLa patria en la canción / _cR. Emilio Jiménez. |
| 250 | _a4a. ed. | ||
| 260 |
_aSanto Domingo : _bSociedad Dominicana de Bibliófilos, _bManatí, _c2006. |
||
| 300 |
_a348 p. : _bil., mús. ; _c23 cm. |
||
| 500 | _aIncluye datos biográficos del autor en la contracubierta | ||
| 590 | _aInventariado, 2021/BT | ||
| 650 | 4 |
_aCancioneros _xPartituras _942647 |
|
| 650 | 4 |
_aCanciones infantiles _945533 |
|
| 650 | 4 |
_aLectura musical _942648 |
|
| 910 | _aBtavárez | ||
| 942 |
_2ddc _cLBS1 |
||
| 999 |
_c21445 _d21445 |
||